000 00475nam a2200169Ia 4500
008 180921t2016 xxu||||| |||| 00| 0 sin d
041 _asin
080 _a294.
_bGAN
100 _aGanananda Himi,Kiribathgoda
245 _aනුවණ වැඩෙන බෝසත් කතා -12
246 _aNuwana Wedena Bosath Katha -12
260 _bMahamegha
_aPolgahawela
_c2016
300 _b57p, 21cm
942 _cBK
999 _c1812
_d1812
003 LK-CoDNM
040 _aLK-CoDNM
_dLK-CoDNM
_eLK-CoDNM